| 000 | 00813nam a2200277 4500 | ||
|---|---|---|---|
| 001 | 28698 | ||
| 003 | BD-RjUL | ||
| 005 | 20211209051322.0 | ||
| 008 | 140331s1973 nyua b 001 0 eng | ||
| 035 | _a(BD-RjUL)28780 | ||
| 040 |
_aDLC _cDLC _dDLC _beng |
||
| 041 | _aeng | ||
| 082 | 0 | 0 |
_a970.1 _bFIR 1973 |
| 100 | 1 |
_aClaiborne, Robert. _987810 |
|
| 245 | 1 | 4 |
_aThe first Americans / _cby Robert Claiborne and the editors of Time-Life Books. |
| 260 |
_aNew York : _bTime-Life Books , _c1973 |
||
| 300 |
_a160 p. : _billus. (part col.) ; _c27 cm. |
||
| 490 | 0 | _aThe Emergence of man | |
| 504 | _aBibliography: p. 157. | ||
| 650 | 0 |
_aIndians of North America. _987811 |
|
| 650 | 0 |
_aEskimos. _987812 |
|
| 710 | 2 |
_aTime-Life Books. _925000 |
|
| 942 |
_2ddc _cBK |
||
| 999 |
_c28698 _d28698 |
||